000 01384nam a2200313 i 4500
003 EG-GICUC
005 20260212133634.0
008 260212s1984 ua ||||fr|||| 00| 0 ara d
040 _a EG-GICUC
_bara
_c EG-GICUC
_d EG-GICUC
_erda
041 0 _aara
082 0 4 _221
_a343.38
_bح س . م
092 0 4 _221
099 _aLaw1 10 343.38 ح س . م 1985
100 0 _aحسن الفكهاني
_eمؤلف.
245 1 2 _aالموسوعة الذهبية للقواعد القانونية التي قررتها محكمة النقض المصرية :
_bالإصدار الجنائي.
_nملحق رقم 9،
_pأحكام محكمة النقض المصرية منذ عام ١٩٨٩ حتى منتصف عام ١٩٩٢ /
_cحسن الفكهاني.
264 1 _aالقاهرة :
_bالدار العربية للموسوعات،
_c[1985].
300 _a825 صفحة؛
_c24 سم.
_bإيضاحيات، صور، مثيليات ؛
336 _2rda content
_atext
337 _2rda media
_aComputer
338 _2rda carrier
_aOnline Resource
504 _a. 240-220 ببليوجرافيا: صفحات.
546 _aالنص باللغة العربية
650 1 4 _aالأحكام الجنائية
_2qrmak
650 1 4 _aالقانون الجنائي
_2qrmak
651 1 _2qrmak
856 4 0 _uhttps://fll.law.cu.edu.eg/fulltext/bks/B10-08527.pdf
905 _a32
942 _2ddc
_cBK
_e21
_n0
999 _c62795
_d62795